Normal view MARC view

Entry Topical Term

Number of records used in: 1

001 - CONTROL NUMBER

  • control field: 65383

003 - CONTROL NUMBER IDENTIFIER

  • control field: dpl

005 - DATE AND TIME OF LATEST TRANSACTION

  • control field: 20240501153614.0

008 - FIXED-LENGTH DATA ELEMENTS

  • fixed length control field: 240501|| aca||aabn | a|a d

040 ## - CATALOGING SOURCE

  • Original cataloging agency: dpl
  • Transcribing agency: dpl

150 ## - HEADING--TOPICAL TERM

  • Topical term or geographic name as entry element: हिन्दी

670 ## - SOURCE DATA FOUND

  • Source citation: Work cat.: (dpl)202493: चन्द्रभान' 'राही' 65382, नरदूर्ग -दूर्ग साम्राज्य के एतिहासिक रहस्य, 2021

© Delhi Public Library
Hit Counter
free hit counter